[Event "4th GRENKE Open 2019"]
[Site "Karlsruhe"]
[Date "2019.04.22"]
[Round "9.69"]
[White "Blom, Vincent"]
[Black "Bogner, Sebastian"]
[Result "0-1"]
[WhiteElo "2298"]
[BlackElo "2603"]
[Annotator "TA"]
[PlyCount "116"]
[EventDate "2019.04.18"]
[EventType "swiss"]
[EventCountry "GER"]
[SourceTitle "playchess.com"]
[Source "ChessBase"]
[SourceQuality "1"]

1. c4 e6 2. g3 d5 3. Bg2 Nf6 4. Nf3 d4 5. O-O c5 6. b4 cxb4 7. d3 Nc6 8. a3 bxa3 9. Qa4 Bd7 10. Bxa3 Bxa3 11. Qxa3 e5 12. Nbd2 Qe7 13. Rfb1 Qxa3 14. Rxa3 Rb8 15. Rab3 b6 16. Rb5 O-O 17. Nxe5 Nxe5 18. Rxe5 Rfe8 19. Nf3 Bg4 20. Kf1 Bxf3 21. Rxe8+ Rxe8 22. Bxf3 Kf8 23. Rb5 Re6 24. c5 bxc5 25. Rxc5 Rd6 26. h4 Ke7 27. Re5+ Kd8 28. g4 h6 29. Kg2 Nd7 30. Rf5 f6 31. Ra5 a6 32. Kg3 Kc7 33. h5 Kb6 34. Ra2 a5 35. Kf4 Ne5 36. Be4 Rd7 37. Kf5 Ra7 38. f4 Nf7 39. Ke6 Nd8+ 40. Kf5 a4 41. Bd5 Kc5 42. Bg8 a3 43. Rc2+ Kd6 44. Ba2 Nc6 45. Rc4 Re7 46. Rc2 Nb4 47. Rc4 Nc6 48. Rc2 Nb4 49. Rc4 Nxa2 50. Rxd4+ Kc5 51. Ra4 Nb4 52. Rxa3 Nc6 53. Kg6 Nd4 54. e3 Ne6 55. Ra8 Nc7 56. Rg8 Ne8 57. Rxe8 Rxe8 58. Kxg7 Rxe3 0-1

[Event "4th GRENKE Open 2019"]
[Site "Karlsruhe"]
[Date "2019.04.22"]
[Round "9.70"]
[White "Sanal, Vahap"]
[Black "Braeuning, Rudolf Wilhelm"]
[Result "1-0"]
[WhiteElo "2513"]
[BlackElo "2293"]
[Annotator "TA"]
[PlyCount "213"]
[EventDate "2019.04.18"]
[EventType "swiss"]
[EventCountry "GER"]
[SourceTitle "playchess.com"]
[Source "ChessBase"]
[SourceQuality "1"]

1. e4 c5 2. Nf3 Nc6 3. Nc3 g6 4. d4 cxd4 5. Nxd4 Bg7 6. Be3 Nf6 7. Bc4 O-O 8. Bb3 a5 9. a4 Ng4 10. Qxg4 Nxd4 11. Qd1 Nxb3 12. cxb3 Ra6 13. O-O Re6 14. Bd4 f5 15. Bxg7 Kxg7 16. Qd4+ Kg8 17. Rfe1 f4 18. Rad1 b6 19. b4 axb4 20. Qxb4 f3 21. g3 Qc7 22. Qb3 Qe5 23. Rd5 Qg7 24. Nb5 Qf7 25. Nd4 Rd6 26. Rxd6 Qxb3 27. Rxg6+ hxg6 28. Nxb3 Bb7 29. Nd2 d5 30. exd5 Bxd5 31. Rc1 Ra8 32. b3 e5 33. Kf1 Kf7 34. h4 Ke6 35. Nc4 Bxc4+ 36. Rxc4 b5 37. Rc6+ Kf5 38. Rc3 Kg4 39. Rc5 bxa4 40. Rc4+ Kh3 41. h5 g5 42. bxa4 Rb8 43. Rc1 e4 44. Re1 Rb4 45. h6 Rb6 46. h7 Rh6 47. Rxe4 Rxh7 48. Re3 Ra7 49. Re4 Ra5 50. Kg1 Ra6 51. Kf1 Ra5 52. Re3 Rxa4 53. Rxf3 Ra1+ 54. Ke2 Kg4 55. Rf6 Ra2+ 56. Kf1 Rb2 57. Kg2 Ra2 58. Rc6 Rb2 59. Rd6 Ra2 60. Rd4+ Kf5 61. Rb4 Rc2 62. Rb3 Kg4 63. Rb4+ Kf5 64. Kf3 Rc3+ 65. Ke2 Rc2+ 66. Ke3 Rc3+ 67. Kd2 Ra3 68. Rd4 Rb3 69. Rd3 Rb2+ 70. Ke3 Ke5 71. Ra3 Rb5 72. Ke2 Kf5 73. Rc3 Rb2+ 74. Ke3 Rb5 75. Ra3 Rc5 76. Kd4 Rb5 77. Rf3+ Kg4 78. Rf7 Ra5 79. Rf6 Ra3 80. Ke5 Ra5+ 81. Ke6 Rb5 82. Kf7 Ra5 83. Kg6 Rb5 84. Kh6 Rb8 85. Rg6 Rh8+ 86. Kg7 Ra8 87. Kh7 Kf5 88. Kh6 Rh8+ 89. Kg7 Ra8 90. f3 Ra3 91. Rf6+ Ke5 92. Kg6 g4 93. fxg4 Rxg3 94. g5 Rg1 95. Rf2 Ke6 96. Re2+ Kd7 97. Kf6 Rf1+ 98. Kg7 Kd6 99. g6 Kd7 100. Kg8 Rg1 101. g7 Rg3 102. Re4 Rg1 103. Kf7 Rf1+ 104. Kg6 Rg1+ 105. Kf6 Kd6 106. Rd4+ Kc7 107. Rd5 1-0

[Event "4th GRENKE Open 2019"]
[Site "Karlsruhe"]
[Date "2019.04.22"]
[Round "9.71"]
[White "Baldauf, Marco"]
[Black "Stein, Robert"]
[Result "1/2-1/2"]
[WhiteElo "2493"]
[BlackElo "2287"]
[Annotator "ChessBase"]
[PlyCount "51"]
[EventDate "2019.04.18"]
[EventType "swiss"]
[EventCountry "GER"]
[SourceTitle "playchess.com"]
[Source "ChessBase"]
[SourceQuality "1"]

1. d4 Nf6 2. c4 e6 3. Nc3 d5 4. cxd5 exd5 5. Bg5 c6 6. e3 Be7 7. Bd3 Nbd7 8. Qc2 Nf8 9. Nf3 Ng6 10. O-O-O Be6 11. Rdg1 Qa5 12. Nd2 b5 13. Nxb5 O-O 14. Nb3 Qb6 15. Bxf6 Bxf6 16. Nc3 Rfc8 17. f4 Nf8 18. g4 Be7 19. Na4 Qb4 20. Nbc5 Qa5 21. Kb1 Rab8 22. g5 g6 23. h4 Nd7 24. Nxd7 Bxd7 25. Rc1 Ba3 26. Ka1 1/2-1/2

[Event "4th GRENKE Open 2019"]
[Site "Karlsruhe"]
[Date "2019.04.22"]
[Round "9.72"]
[White "Karsay, Pascal"]
[Black "Mesaros, Florian"]
[Result "0-1"]
[WhiteElo "2285"]
[BlackElo "2447"]
[Annotator "TA"]
[PlyCount "60"]
[EventDate "2019.04.18"]
[EventType "swiss"]
[EventCountry "GER"]
[SourceTitle "playchess.com"]
[Source "ChessBase"]
[SourceQuality "1"]

1. Nf3 d5 2. e3 g6 3. d4 Bg7 4. Nbd2 Nf6 5. b4 a5 6. b5 c5 7. bxc6 bxc6 8. Ba3 O-O 9. Be2 Na6 10. c3 c5 11. dxc5 Qc7 12. Rc1 Ne4 13. Nxe4 dxe4 14. Nd4 Nxc5 15. O-O Bb7 16. Rb1 Nd3 17. Qb3 Rab8 18. Qb6 Qxb6 19. Rxb6 Bd5 20. Rfb1 Rxb6 21. Rxb6 Bxa2 22. Bxe7 Ra8 23. f3 f5 24. Bd1 a4 25. Bd6 Bxd4 26. exd4 Bb3 27. Rxb3 axb3 28. Bxb3+ Kg7 29. Kf1 Ra1+ 30. Ke2 Nc1+ 0-1

[Event "4th GRENKE Open 2019"]
[Site "Karlsruhe"]
[Date "2019.04.22"]
[Round "9.73"]
[White "Pogan, Nikolas"]
[Black "Kilgus, Georg"]
[Result "0-1"]
[WhiteElo "2284"]
[BlackElo "2429"]
[Annotator "NA"]
[PlyCount "28"]
[EventDate "2019.04.18"]
[EventType "swiss"]
[EventCountry "GER"]
[SourceTitle "playchess.com"]
[Source "ChessBase"]
[SourceQuality "1"]

1. d4 Nf6 2. Nf3 c5 3. d5 b5 4. Bg5 Qb6 5. Nc3 b4 6. Na4 Qa5 7. b3 g6 8. d6 Bg7 9. e4 Nc6 10. e5 Ng4 11. dxe7 Ngxe5 12. Nxe5 Bxe5 13. Qd5 h6 14. Bc4 Rh7 0-1

[Event "4th GRENKE Open 2019"]
[Site "Karlsruhe"]
[Date "2019.04.22"]
[Round "9.74"]
[White "Lagunow, Raphael"]
[Black "Olcum, Ahmet"]
[Result "1/2-1/2"]
[WhiteElo "2428"]
[BlackElo "2281"]
[Annotator "TA"]
[PlyCount "64"]
[EventDate "2019.04.18"]
[EventType "swiss"]
[EventCountry "GER"]
[SourceTitle "playchess.com"]
[Source "ChessBase"]
[SourceQuality "1"]

1. Nf3 d6 2. d4 g6 3. g3 Bg7 4. Bg2 Nd7 5. O-O e5 6. c4 Ne7 7. Nc3 O-O 8. e4 exd4 9. Nxd4 Nc6 10. Nde2 Nc5 11. Be3 a5 12. Qd2 Ne5 13. b3 a4 14. Qc2 f5 15. Rad1 axb3 16. axb3 Nxe4 17. Nxe4 fxe4 18. Qxe4 Bg4 19. Bf4 Ra2 20. Bxe5 Bxe2 21. Bxg7 Kxg7 22. Qd4+ Qf6 23. Qxf6+ Kxf6 24. Ra1 Rfa8 25. Rxa2 Rxa2 26. Re1 b6 27. Bd5 g5 28. h3 h5 29. Kg2 Rb2 30. Ra1 c5 31. Ra7 Ke5 32. Rb7 Bd1 1/2-1/2

[Event "4th GRENKE Open 2019"]
[Site "Karlsruhe"]
[Date "2019.04.22"]
[Round "9.76"]
[White "Barzen, Pascal"]
[Black "Barp, Alberto"]
[Result "0-1"]
[WhiteElo "2278"]
[BlackElo "2424"]
[Annotator "TA"]
[PlyCount "94"]
[EventDate "2019.04.18"]
[EventType "swiss"]
[EventCountry "GER"]
[SourceTitle "playchess.com"]
[Source "ChessBase"]
[SourceQuality "1"]

1. e4 e5 2. Nf3 Nc6 3. Bb5 a6 4. Ba4 d6 5. O-O Bd7 6. c3 g6 7. d4 Bg7 8. Re1 Nf6 9. d5 Ne7 10. Bxd7+ Nxd7 11. c4 h6 12. Nc3 f5 13. b4 O-O 14. Ba3 Nf6 15. Nd2 Kh7 16. f3 c6 17. Nb3 fxe4 18. fxe4 cxd5 19. Nxd5 Nexd5 20. cxd5 h5 21. h3 Qb6+ 22. Kh1 Qf2 23. Re2 Qh4 24. Qe1 Qxe1+ 25. Raxe1 h4 26. b5 Nh5 27. Bxd6 Ng3+ 28. Kh2 Rf4 29. Rc2 axb5 30. Rc7 Re8 31. Nc5 Kg8 32. Rxb7 Rf7 33. Rxb5 Bh6 34. Rbb1 Bd2 35. Red1 Bf4 36. Nd3 Nxe4+ 37. Nxf4 exf4 38. Rb8 Nxd6 39. Rxe8+ Nxe8 40. d6 Nf6 41. a4 Ra7 42. Rd4 g5 43. Rc4 Rd7 44. Rc5 Rxd6 45. Rxg5+ Kf7 46. a5 Ke6 47. Rb5 Rd1 0-1

[Event "4th GRENKE Open 2019"]
[Site "Karlsruhe"]
[Date "2019.04.22"]
[Round "9.77"]
[White "Paltrinieri, Nicholas"]
[Black "Schwabeneder, Florian"]
[Result "0-1"]
[WhiteElo "2276"]
[BlackElo "2422"]
[Annotator "TA"]
[PlyCount "90"]
[EventDate "2019.04.18"]
[EventType "swiss"]
[EventCountry "GER"]
[SourceTitle "playchess.com"]
[Source "ChessBase"]
[SourceQuality "1"]

1. d4 e6 2. e4 d5 3. Nd2 Be7 4. Bd3 c5 5. dxc5 Nf6 6. Qe2 O-O 7. Ngf3 Nfd7 8. Nb3 a5 9. e5 a4 10. Nbd4 Nxc5 11. O-O Nc6 12. Be3 a3 13. b3 Nb4 14. Bd2 Ncxd3 15. cxd3 Qb6 16. Be3 Qa6 17. Rad1 Bd7 18. Ne1 Rac8 19. f4 f5 20. h3 Bc5 21. Nef3 Bb5 22. Nxb5 Qxb5 23. Rd2 Rfd8 24. Bd4 Nc6 25. Bxc5 Qxc5+ 26. d4 Qb4 27. Kh2 Qe7 28. g4 Rf8 29. Kg3 Nb4 30. Qe3 g6 31. Rh1 Rc7 32. gxf5 gxf5 33. Kh2 Rfc8 34. Rg1+ Kh8 35. Rdg2 Rc2 36. Ne1 Rxa2 37. Kh1 Rxg2 38. Nxg2 a2 39. Ra1 Rg8 40. Qd2 Qg7 41. Rxa2 Nxa2 42. Qxa2 Qg3 43. Qc2 Qxh3+ 44. Kg1 Qf3 45. Kh2 h5 0-1

[Event "4th GRENKE Open 2019"]
[Site "Karlsruhe"]
[Date "2019.04.22"]
[Round "9.78"]
[White "Hecht, Carsten"]
[Black "Cukrowski, Filip"]
[Result "1/2-1/2"]
[WhiteElo "2273"]
[BlackElo "2421"]
[Annotator "TA"]
[PlyCount "68"]
[EventDate "2019.04.18"]
[EventType "swiss"]
[EventCountry "GER"]
[SourceTitle "playchess.com"]
[Source "ChessBase"]
[SourceQuality "1"]

1. e4 e5 2. Nf3 Nc6 3. Bb5 a6 4. Ba4 Nf6 5. O-O Be7 6. d3 d6 7. c3 O-O 8. Re1 b5 9. Bc2 Bb7 10. Nbd2 Re8 11. Nf1 g6 12. Bg5 Nh5 13. Bxe7 Rxe7 14. Ne3 Nf6 15. a4 d5 16. axb5 axb5 17. Rxa8 Bxa8 18. Nxd5 Nxd5 19. exd5 Qxd5 20. d4 exd4 21. Rxe7 Nxe7 22. Qxd4 c5 23. Qxd5 Bxd5 24. Nd2 f5 25. Nb3 Bxb3 26. Bxb3+ Kg7 27. g3 g5 28. Kg2 Kf6 29. f4 g4 30. Kf2 c4 31. Bd1 Ke6 32. Ke3 Kd5 33. Bc2 h5 34. b4 Kd6 1/2-1/2

[Event "4th GRENKE Open 2019"]
[Site "Karlsruhe"]
[Date "2019.04.22"]
[Round "9.79"]
[White "Kopylov, Michael"]
[Black "Bluebaum, Karl-Ernst"]
[Result "1/2-1/2"]
[WhiteElo "2414"]
[BlackElo "2266"]
[Annotator "NA"]
[PlyCount "33"]
[EventDate "2019.04.18"]
[EventType "swiss"]
[EventCountry "GER"]
[SourceTitle "playchess.com"]
[Source "ChessBase"]
[SourceQuality "1"]

1. d4 d5 2. c4 e6 3. Nf3 Nf6 4. g3 Bb4+ 5. Nbd2 dxc4 6. Qc2 b5 7. a4 c6 8. Bg2 Bb7 9. O-O O-O 10. b3 c5 11. bxc4 bxa4 12. dxc5 a5 13. Qxa4 Bc6 14. Qc2 Nbd7 15. Rd1 Qc7 16. Bb2 h6 17. Nd4 1/2-1/2

[Event "4th GRENKE Open 2019"]
[Site "Karlsruhe"]
[Date "2019.04.22"]
[Round "9.80"]
[White "Parvanyan, Ashot"]
[Black "Ragger, Anna-Christina"]
[Result "1-0"]
[WhiteElo "2409"]
[BlackElo "2270"]
[Annotator "NA"]
[PlyCount "43"]
[EventDate "2019.04.18"]
[EventType "swiss"]
[EventCountry "GER"]
[SourceTitle "playchess.com"]
[Source "ChessBase"]
[SourceQuality "1"]

1. Nf3 d5 2. d4 c6 3. c4 Nf6 4. Qb3 dxc4 5. Qxc4 Bg4 6. Nbd2 Nbd7 7. g3 e6 8. Bg2 Be7 9. O-O O-O 10. b3 a5 11. a3 Rc8 12. Bb2 b5 13. Qc2 c5 14. Rfc1 Nb6 15. Ne5 Bxe2 16. Ne4 Bh5 17. dxc5 Nxe4 18. Qxe4 Rxc5 19. Nc6 Bg6 20. Qd4 Rxc1+ 21. Rxc1 e5 22. Nxe7+ 1-0

[Event "4th GRENKE Open 2019"]
[Site "Karlsruhe"]
[Date "2019.04.22"]
[Round "9.82"]
[White "Ertan, Can"]
[Black "Laiz Ibanez, Hector"]
[Result "1-0"]
[WhiteElo "2404"]
[BlackElo "2251"]
[Annotator "NA"]
[PlyCount "73"]
[EventDate "2019.04.18"]
[EventType "swiss"]
[EventCountry "GER"]
[SourceTitle "playchess.com"]
[Source "ChessBase"]
[SourceQuality "1"]

1. e4 c5 2. Nf3 d6 3. c3 Nf6 4. Qc2 g6 5. d4 Bg7 6. dxc5 dxc5 7. Be3 Qc7 8. h3 O-O 9. Nbd2 b6 10. a4 Nc6 11. Be2 Rd8 12. O-O Bb7 13. Rfe1 h6 14. Rac1 Rac8 15. Nh2 Na5 16. Ng4 Nxg4 17. Bxg4 e6 18. f4 Ba6 19. Be2 Bxe2 20. Rxe2 Qd7 21. Ree1 Qd3 22. e5 f6 23. exf6 Qxc2 24. Rxc2 Bxf6 25. Nf3 Rd6 26. Rce2 Re8 27. Ne5 Kg7 28. Ng4 Bd8 29. f5 gxf5 30. Bxh6+ Kf7 31. Bf4 Rd5 32. Ne3 Rd3 33. Nxf5 Kf6 34. Nd6 Re7 35. Ne4+ Kg6 36. Ng5 e5 37. Nf3 1-0

[Event "4th GRENKE Open 2019"]
[Site "Karlsruhe"]
[Date "2019.04.22"]
[Round "9.83"]
[White "Schmidek, Emil"]
[Black "Schmitzer, Klaus"]
[Result "1-0"]
[WhiteElo "2393"]
[BlackElo "2245"]
[Annotator "TA"]
[PlyCount "47"]
[EventDate "2019.04.18"]
[EventType "swiss"]
[EventCountry "GER"]
[SourceTitle "playchess.com"]
[Source "ChessBase"]
[SourceQuality "1"]

1. e4 c6 2. d4 d5 3. e5 Bf5 4. Nf3 e6 5. Be2 Nd7 6. O-O Bg6 7. Nbd2 Nh6 8. Nb3 Be7 9. Bd2 O-O 10. Bxh6 gxh6 11. Ne1 c5 12. c3 Kh8 13. Nc2 c4 14. Nd2 f6 15. exf6 Nxf6 16. Ne3 h5 17. Nf3 Nd7 18. Qc1 Bd6 19. g3 Rg8 20. Ng2 Bf7 21. Qe3 Qf6 22. Rae1 Rg7 23. Bd1 Qf5 24. Nfh4 1-0

[Event "4th GRENKE Open 2019"]
[Site "Karlsruhe"]
[Date "2019.04.22"]
[Round "9.84"]
[White "Hacker, Jonas"]
[Black "Kokoszczynski, Jan"]
[Result "1/2-1/2"]
[WhiteElo "2392"]
[BlackElo "2249"]
[Annotator "TA"]
[PlyCount "105"]
[EventDate "2019.04.18"]
[EventType "swiss"]
[EventCountry "GER"]
[SourceTitle "playchess.com"]
[Source "ChessBase"]
[SourceQuality "1"]

1. e4 c6 2. d4 d5 3. Nd2 dxe4 4. Nxe4 Bf5 5. Ng3 Bg6 6. Nf3 e6 7. h4 h6 8. Ne5 Bh7 9. Bd3 Bxd3 10. Qxd3 Nd7 11. f4 Be7 12. Bd2 Nxe5 13. fxe5 Bxh4 14. O-O-O Bxg3 15. Qxg3 Ne7 16. Qxg7 Rg8 17. Qxh6 Qd5 18. Kb1 O-O-O 19. Qf6 Rxg2 20. Qxe7 Rxd2 21. Qxd8+ Kxd8 22. Rh8+ Ke7 23. Rxd2 c5 24. c3 Qe4+ 25. Kc1 Qe1+ 26. Rd1 Qe4 27. Rh2 a6 28. Rhd2 cxd4 29. cxd4 Qd5 30. Kb1 f6 31. exf6+ Kxf6 32. Re2 Ke7 33. a3 Kd7 34. Ka1 Qc4 35. Re3 Qc2 36. Rde1 Qd2 37. Rxe6 Qxd4 38. R6e3 Kc7 39. Rb3 Qd6 40. Re4 a5 41. Rh4 Qd1+ 42. Ka2 Qd5 43. a4 Qf7 44. Re4 b6 45. Rh4 Qe6 46. Rh7+ Kc6 47. Rh4 Kc7 48. Rh7+ Kc6 49. Rh8 Kc7 50. Ra8 Qc4 51. Ra7+ Kc6 52. Ka3 Qc5+ 53. Ka2 1/2-1/2

[Event "4th GRENKE Open 2019"]
[Site "Karlsruhe"]
[Date "2019.04.22"]
[Round "9.85"]
[White "Kristensen, Kaare Hove"]
[Black "Wenninger, Philipp"]
[Result "1-0"]
[WhiteElo "2259"]
[BlackElo "2391"]
[Annotator "TA"]
[PlyCount "53"]
[EventDate "2019.04.18"]
[EventType "swiss"]
[EventCountry "GER"]
[SourceTitle "playchess.com"]
[Source "ChessBase"]
[SourceQuality "1"]

1. e4 c6 2. d4 d5 3. exd5 cxd5 4. c4 Nf6 5. Nc3 Nc6 6. Nf3 Bg4 7. cxd5 Nxd5 8. Qb3 Bxf3 9. gxf3 e6 10. Qxb7 Nxd4 11. Bb5+ Nxb5 12. Qc6+ Ke7 13. Qxb5 Qd7 14. Nxd5+ Qxd5 15. Bg5+ f6 16. Qxd5 exd5 17. Be3 Ke6 18. O-O-O Bb4 19. a3 Rac8+ 20. Kb1 Bc5 21. Rhe1 Kd6 22. Bf4+ Kc6 23. Re6+ Kb7 24. Rxd5 Rhd8 25. Rxd8 Rxd8 26. Kc2 Rd5 27. Bg3 1-0

[Event "4th GRENKE Open 2019"]
[Site "Karlsruhe"]
[Date "2019.04.22"]
[Round "9.86"]
[White "D`Costa, Lorin"]
[Black "Groetzbach, Julian"]
[Result "0-1"]
[WhiteElo "2390"]
[BlackElo "2250"]
[Annotator "TA"]
[PlyCount "60"]
[EventDate "2019.04.18"]
[EventType "swiss"]
[EventCountry "GER"]
[SourceTitle "playchess.com"]
[Source "ChessBase"]
[SourceQuality "1"]

1. c4 Nf6 2. g3 e6 3. Bg2 d5 4. cxd5 exd5 5. Nf3 Be7 6. O-O O-O 7. d3 Re8 8. Qc2 Bf8 9. Nc3 Nc6 10. a3 Bg4 11. e4 h6 12. h3 Bxf3 13. Bxf3 Nd4 14. Qd1 Nxf3+ 15. Qxf3 dxe4 16. dxe4 c6 17. Be3 Qe7 18. Rad1 a5 19. Rfe1 Qe6 20. Kg2 Rad8 21. Rxd8 Rxd8 22. Re2 Re8 23. Bc1 b5 24. Qd3 Nd7 25. f4 Nc5 26. Qf3 b4 27. axb4 axb4 28. Nd1 Qc4 29. Bd2 Nxe4 30. b3 Qc2 0-1

[Event "4th GRENKE Open 2019"]
[Site "Karlsruhe"]
[Date "2019.04.22"]
[Round "9.87"]
[White "Hoffmann, Hendrik"]
[Black "Ondersteijn, Niels"]
[Result "0-1"]
[WhiteElo "2258"]
[BlackElo "2390"]
[Annotator "NA"]
[PlyCount "52"]
[EventDate "2019.04.18"]
[EventType "swiss"]
[EventCountry "GER"]
[SourceTitle "playchess.com"]
[Source "ChessBase"]
[SourceQuality "1"]

1. e4 e5 2. Nf3 d6 3. d4 exd4 4. Nxd4 Nf6 5. Nc3 Be7 6. Bf4 O-O 7. Qd2 Nc6 8. O-O-O Nxd4 9. Qxd4 a6 10. f3 b5 11. g4 c5 12. Qg1 b4 13. Nd5 Nxd5 14. exd5 a5 15. h4 b3 16. cxb3 a4 17. g5 axb3 18. a3 Bf5 19. Bd2 Rxa3 20. bxa3 Bf6 21. gxf6 Qxf6 22. Ba5 Qa1+ 23. Kd2 Qb2+ 24. Ke3 Re8+ 25. Kf4 Qe5+ 26. Kg5 Bc8# 0-1

[Event "4th GRENKE Open 2019"]
[Site "Karlsruhe"]
[Date "2019.04.22"]
[Round "9.88"]
[White "Percivaldi, Martin"]
[Black "Schleich, Markus"]
[Result "1-0"]
[WhiteElo "2388"]
[BlackElo "2240"]
[Annotator "NA"]
[PlyCount "49"]
[EventDate "2019.04.18"]
[EventType "swiss"]
[EventCountry "GER"]
[SourceTitle "playchess.com"]
[Source "ChessBase"]
[SourceQuality "1"]

1. Nf3 Nf6 2. c4 g6 3. g3 Bg7 4. Bg2 O-O 5. d4 d6 6. Nc3 Nc6 7. O-O e5 8. dxe5 dxe5 9. Bg5 Be6 10. Qa4 Qc8 11. Rfd1 Nd7 12. Nd2 Nb6 13. Qa3 Nd4 14. Rac1 Nxc4 15. Nxc4 Bxc4 16. e3 Ne2+ 17. Nxe2 Bxe2 18. Rd2 Ba6 19. Be7 Re8 20. Bd5 c6 21. Bb3 Qg4 22. f3 Qc8 23. Qd6 Qb8 24. Qxb8 Rexb8 25. Rd7 1-0

[Event "4th GRENKE Open 2019"]
[Site "Karlsruhe"]
[Date "2019.04.22"]
[Round "9.89"]
[White "Bus, Konrad"]
[Black "Bronstein, Or"]
[Result "1-0"]
[WhiteElo "2255"]
[BlackElo "2387"]
[Annotator "TA"]
[PlyCount "99"]
[EventDate "2019.04.18"]
[EventType "swiss"]
[EventCountry "GER"]
[SourceTitle "playchess.com"]
[Source "ChessBase"]
[SourceQuality "1"]

1. Nf3 c5 2. c4 Nc6 3. e3 Nf6 4. Nc3 g6 5. d4 cxd4 6. exd4 d5 7. cxd5 Nxd5 8. Qb3 e6 9. Bb5 Bg7 10. Nxd5 exd5 11. O-O O-O 12. Bxc6 bxc6 13. Bf4 f6 14. Qc3 Bd7 15. Nd2 g5 16. Bg3 Rc8 17. Nb3 h5 18. h3 h4 19. Bh2 Bf5 20. Nc5 Re8 21. Nb7 Qd7 22. Nd6 Bf8 23. Nxe8 Qxe8 24. Rfe1 Qg6 25. f3 Qf7 26. Rac1 Qb7 27. Kh1 Qb6 28. a3 Qb7 29. b4 Qb5 30. Re3 Qb7 31. Qe1 Qd7 32. f4 Be4 33. fxg5 fxg5 34. Rxe4 dxe4 35. Qxe4 Bg7 36. d5 cxd5 37. Rxc8+ Qxc8 38. Qxd5+ Kh7 39. Qxg5 Bh6 40. Qe7+ Kg6 41. Qd6+ Kh7 42. Qc7+ Qxc7 43. Bxc7 Kg6 44. Bd8 Kh5 45. b5 Be3 46. a4 Bc5 47. a5 Bf2 48. a6 Kg6 49. b6 Kh5 50. Bc7 1-0

[Event "4th GRENKE Open 2019"]
[Site "Karlsruhe"]
[Date "2019.04.22"]
[Round "9.90"]
[White "Trifan, Andrei Ioan"]
[Black "Lye, Lik Zang"]
[Result "1/2-1/2"]
[WhiteElo "2252"]
[BlackElo "2377"]
[Annotator "NA"]
[PlyCount "54"]
[EventDate "2019.04.18"]
[EventType "swiss"]
[EventCountry "GER"]
[SourceTitle "playchess.com"]
[Source "ChessBase"]
[SourceQuality "1"]

1. e4 c5 2. Nf3 d6 3. d4 Nf6 4. Nc3 cxd4 5. Nxd4 Nc6 6. Bg5 Bd7 7. Qd2 Rc8 8. O-O-O Nxd4 9. Qxd4 Qa5 10. f4 Rxc3 11. Bxf6 Rc7 12. Bh4 Qxa2 13. Bd3 Qa4 14. Bf2 Qxd4 15. Bxd4 b6 16. Kd2 Rg8 17. Ra1 g5 18. f5 e5 19. fxe6 fxe6 20. e5 Bc6 21. Rhe1 d5 22. g4 Rgg7 23. Rf1 Rgf7 24. Be3 Rxf1 25. Rxf1 Be7 26. c3 Bd8 27. Bd4 Rf7 1/2-1/2

[Event "4th GRENKE Open 2019"]
[Site "Karlsruhe"]
[Date "2019.04.22"]
[Round "9.91"]
[White "Lenaerts, Lennert"]
[Black "Donchenko, Anatoly"]
[Result "1/2-1/2"]
[WhiteElo "2370"]
[BlackElo "2237"]
[Annotator "TA"]
[PlyCount "36"]
[EventDate "2019.04.18"]
[EventType "swiss"]
[EventCountry "GER"]
[SourceTitle "playchess.com"]
[Source "ChessBase"]
[SourceQuality "1"]

1. d4 d5 2. c4 dxc4 3. Nf3 a6 4. e3 Nf6 5. Bxc4 e6 6. Nc3 c5 7. O-O b5 8. Be2 Bb7 9. a3 Nbd7 10. dxc5 Bxc5 11. b4 Be7 12. Bb2 Rc8 13. Qb3 Qb6 14. Rab1 O-O 15. a4 Bxf3 16. Bxf3 Ne5 17. Be2 Nc4 18. Rbd1 Bd6 1/2-1/2

[Event "4th GRENKE Open 2019"]
[Site "Karlsruhe"]
[Date "2019.04.22"]
[Round "9.93"]
[White "Imnadze, Nato"]
[Black "Petrov, Vladimir Sergeev"]
[Result "1-0"]
[WhiteElo "2251"]
[BlackElo "2368"]
[Annotator "NA RC"]
[PlyCount "61"]
[EventDate "2019.04.18"]
[EventType "swiss"]
[EventCountry "GER"]
[SourceTitle "playchess.com"]
[Source "ChessBase"]
[SourceQuality "1"]

1. e4 c5 2. Nf3 d6 3. d4 cxd4 4. Nxd4 Nf6 5. Nc3 a6 6. Bc4 e6 7. O-O b5 8. Bb3 Be7 9. Qf3 Qb6 10. Be3 Qb7 11. Qg3 O-O 12. Bh6 Ne8 13. Rfe1 b4 14. Nd5 Bd8 15. Nf5 f6 16. Nde7+ Qxe7 17. Nxe7+ Bxe7 18. Qg4 Kf7 19. e5 gxh6 20. exd6 Bxd6 21. Qe4 Ra7 22. Rad1 Kg7 23. Bxe6 Bxe6 24. Qxe6 Re7 25. Qg4+ Kh8 26. Rxe7 Bxe7 27. Qe6 Bd6 28. Rxd6 Nxd6 29. Qxd6 Kg7 30. Qxb4 Rd8 31. Qe7+ 1-0

[Event "4th GRENKE Open 2019"]
[Site "Karlsruhe"]
[Date "2019.04.22"]
[Round "9.94"]
[White "Gatineau, Yovann"]
[Black "Michalczak, Thomas"]
[Result "1-0"]
[WhiteElo "2366"]
[BlackElo "2226"]
[Annotator "NA"]
[PlyCount "72"]
[EventDate "2019.04.18"]
[EventType "swiss"]
[EventCountry "GER"]
[SourceTitle "playchess.com"]
[Source "ChessBase"]
[SourceQuality "1"]

1. d4 Nf6 2. Bf4 d5 3. e3 c5 4. Nc3 cxd4 5. exd4 a6 6. Nf3 e6 7. Bd3 Bd6 8. Ne2 Nc6 9. c3 Qc7 10. Qd2 O-O 11. h3 b5 12. Rc1 Rb8 13. O-O a5 14. Rfe1 a4 15. Qe3 Na5 16. Be5 Nd7 17. Qg5 Nxe5 18. Bxh7+ Kxh7 19. Qh5+ Kg8 20. Ng5 Re8 21. dxe5 Bxe5 22. Nd4 Bxd4 23. cxd4 Qf4 24. g4 g6 25. Qh6 Qf6 26. Qh7+ Kf8 27. Rc7 Rb7 28. Qh4 Kg8 29. Qh7+ Kf8 30. Qh4 Qg7 31. Rec1 Nc4 32. Rxb7 Bxb7 33. Nh7+ Kg8 34. Nf6+ Kf8 35. Nh7+ Kg8 36. Nf6+ Kf8 1-0

[Event "4th GRENKE Open 2019"]
[Site "Karlsruhe"]
[Date "2019.04.22"]
[Round "9.96"]
[White "Sinz, Bernhard"]
[Black "Hoerstmann, Rudi"]
[Result "1-0"]
[WhiteElo "2361"]
[BlackElo "2225"]
[Annotator "TA"]
[PlyCount "77"]
[EventDate "2019.04.18"]
[EventType "swiss"]
[EventCountry "GER"]
[SourceTitle "playchess.com"]
[Source "ChessBase"]
[SourceQuality "1"]

1. e4 g6 2. d4 Bg7 3. Nf3 d6 4. Bc4 Nf6 5. Qe2 O-O 6. e5 dxe5 7. dxe5 Nd5 8. O-O c6 9. Rd1 Qa5 10. a3 Bg4 11. Nbd2 Nd7 12. h3 Be6 13. Nb3 Qc7 14. Re1 b5 15. Bd3 N5b6 16. Nbd4 Bd5 17. c3 Nc5 18. Bc2 Rad8 19. b3 a5 20. Qe3 Ne6 21. Nxe6 Bxe6 22. Ng5 Bd5 23. Qg3 h6 24. Nf3 a4 25. bxa4 Nxa4 26. Nh4 g5 27. Nf5 f6 28. Nxg7 Kxg7 29. exf6+ Rxf6 30. Qxc7 Rdf8 31. Rxe7+ R8f7 32. Rxf7+ Rxf7 33. Qe5+ Kg8 34. Be3 Kf8 35. Bxa4 bxa4 36. Bc5+ Kg8 37. Qe8+ Kg7 38. Bd4+ Kg6 39. g4 1-0